Report of the Eighth Finance Commission, 1984 (Record no. 489378)

000 -LEADER
fixed length control field 00398cam a22001337a 4500
008 - FIXED-LENGTH DATA ELEMENTS--GENERAL INFORMATION
fixed length control field 180718b1984 xxu||||| |||| 00| 0 eng d
082 ## - DEWEY DECIMAL CLASSIFICATION NUMBER
Classification number Lx54 F/8
100 ## - MAIN ENTRY--PERSONAL NAME
Personal name India. Finance Commission
245 ## - TITLE STATEMENT
Title Report of the Eighth Finance Commission, 1984
260 ## - PUBLICATION, DISTRIBUTION, ETC.
Place of publication, distribution, etc. Delhi
Name of publisher, distributor, etc. The Controller of Publications
Date of publication, distribution, etc. 1984
300 ## - PHYSICAL DESCRIPTION
Extent 268p.
500 ## - GENERAL NOTE
General note Chairman: Y.B. Chavan
700 ## - ADDED ENTRY--PERSONAL NAME
Personal name Chavan, Y.B. (Chairman)
Holdings
Withdrawn status Lost status Damaged status Not for loan Permanent Location Current Location Date acquired Full call number Barcode Date last seen Price effective from Koha item type
        Indian Institute of Public Administration Indian Institute of Public Administration 2018-08-04 Lx54 F/8 GG19867 2018-08-04 2018-08-04 GG
        Indian Institute of Public Administration Indian Institute of Public Administration 2018-08-04 Lx54 F/8 GG19866 2018-08-04 2018-08-04 GG
        Indian Institute of Public Administration Indian Institute of Public Administration 2018-08-04 Lx54 F/8 GG19797 2018-08-04 2018-08-04 GG

Powered by Koha